000 00415nam a2200193Ia 4500
005 20251020182610.0
008 200515s9999 xx 000 0 und d
082 _aSC/624.91/A49
110 _aAci PerĂº
245 0 _aNormas peruanas de estructuras
250 _a2a ed.
260 _aLima
260 _c2001
300 _a495
650 _aESTRUCTURAS
650 _aNORMAS
650 _aPERU
942 _cLIB
999 _c3318
_d3318